[Event "EU-ch Online U2300 Final"]
[Site "Chess.com INT"]
[Date "2020.05.26"]
[Round "4"]
[White "Golubenko, Valentina"]
[Black "Yanev, Pavel"]
[Result "0-1"]
[WhiteElo "2209"]
[BlackElo "2267"]
[PlyCount "80"]
[EventDate "2020.05.26"]
[EventType "swiss"]
[EventRounds "8"]
[EventCountry "NET"]
[SourceTitle "CBM 196 Extra"]
[Source "ChessBase"]
[SourceDate "2020.07.31"]
[SourceVersion "1"]
[SourceVersionDate "2020.07.31"]
[SourceQuality "1"]

1. d4 Nf6 2. c4 e6 3. Nc3 d5 4. cxd5 exd5 5. Bg5 c6 6. e3 Bf5 7. Qb3 Qb6 8. Qxb6 axb6 9. Bxf6 gxf6 10. Kd2 Nd7 11. Bd3 Bg6 12. Nge2 b5 13. a3 Nb6 14. e4 Nc4+ 15. Bxc4 dxc4 16. f4 f5 17. e5 Kd7 18. Ke3 f6 19. h4 b4 20. axb4 Bxb4 21. d5 Bc5+ 22. Kd2 b5 23. h5 Rxa1 24. Rxa1 Bxh5 25. dxc6+ Kxc6 26. Ra6+ Bb6 27. Ng3 Bg4 28. exf6 Rf8 29. Kc2 h5 30. b3 h4 31. Nf1 Kb7 32. Ra1 cxb3+ 33. Kxb3 Rxf6 34. Nxb5 Be2 35. Nc3 Bd3 36. Nd5 Rd6 37. Nb4 Be4 38. Rc1 Bxg2 39. Nh2 h3 40. Rc2 Bg1 0-1

[Event "EU-ch Online U2300 Final"]
[Site "Chess.com INT"]
[Date "2020.05.26"]
[Round "3"]
[White "Yanev, Pavel"]
[Black "Burdalev, Kirill"]
[Result "0-1"]
[WhiteElo "2267"]
[BlackElo "2394"]
[PlyCount "66"]
[EventDate "2020.05.26"]
[EventType "swiss"]
[EventRounds "8"]
[EventCountry "NET"]
[SourceTitle "CBM 196 Extra"]
[Source "ChessBase"]
[SourceDate "2020.07.31"]
[SourceVersion "1"]
[SourceVersionDate "2020.07.31"]
[SourceQuality "1"]

1. e4 e6 2. d4 d5 3. Nc3 Bb4 4. Nge2 Nc6 5. a3 Ba5 6. Be3 Nge7 7. Qd2 0-0 8. 0-0-0 dxe4 9. b4 Bb6 10. Nxe4 e5 11. d5 Bxe3 12. fxe3 Nb8 13. N2c3 Nf5 14. Bc4 a5 15. Kb2 axb4 16. axb4 Nd6 17. Bb3 Bf5 18. Nc5 b6 19. Nd3 Nd7 20. Rde1 b5 21. Ra1 Nb6 22. Kb1 Ndc4 23. Bxc4 Nxc4 24. Qc1 Rxa1+ 25. Kxa1 Qa8+ 26. Na2 Qa7 27. Qb1 Qxe3 28. Qe1 Qd4+ 29. Qc3 Qa7 30. Ndc1 Ra8 31. Re1 Bxc2 32. Re2 Bg6 33. g4 Qg1 0-1

[Event "EU-ch Online U2300 Final"]
[Site "Chess.com INT"]
[Date "2020.05.26"]
[Round "2"]
[White "Yanev, Pavel"]
[Black "Skatchkov, Valery"]
[Result "0-1"]
[WhiteElo "2267"]
[BlackElo "2242"]
[PlyCount "50"]
[EventDate "2020.05.26"]
[EventType "swiss"]
[EventRounds "8"]
[EventCountry "NET"]
[SourceTitle "CBM 196 Extra"]
[Source "ChessBase"]
[SourceDate "2020.07.31"]
[SourceVersion "1"]
[SourceVersionDate "2020.07.31"]
[SourceQuality "1"]

1. e4 e5 2. f4 d5 3. exd5 e4 4. Nc3 Nf6 5. d3 Bb4 6. Bd2 exd3 7. Bxd3 0-0 8. Qf3 Bg4 9. Qg3 Re8+ 10. Nge2 Bxe2 11. Bxe2 Nxd5 12. 0-0-0 Nf6 13. Bf3 c6 14. a3 Bd6 15. Qh3 Qc7 16. g3 Nbd7 17. Rhe1 Nb6 18. Ne4 Be7 19. Nxf6+ Bxf6 20. Qf5 Nc4 21. Rxe8+ Rxe8 22. Bc3 Bxc3 23. bxc3 Qb6 24. Rd7 Qb2+ 25. Kd1 Qb1# 0-1

[Event "EU-ch Online U2300 Qual"]
[Site "Chess.com INT"]
[Date "2020.05.25"]
[Round "2"]
[White "Yanev, Pavel"]
[Black "Fedorov, Evgueny"]
[Result "1-0"]
[WhiteElo "2267"]
[BlackElo "2236"]
[PlyCount "67"]
[EventDate "2020.05.25"]
[EventType "swiss"]
[EventRounds "8"]
[EventCountry "NET"]
[SourceTitle "EXT 2021"]
[Source "ChessBase"]
[SourceDate "2020.10.23"]
[SourceVersion "1"]
[SourceVersionDate "2020.10.23"]
[SourceQuality "1"]

1. e4 Nf6 2. e5 Nd5 3. Nc3 c6 4. d4 d6 5. Nf3 Bg4 6. h3 Bxf3 7. Qxf3 Nb4 8. Bc4 e6 9. Qe2 Qb6 10. Be3 d5 11. Bb3 Be7 12. 0-0 0-0 13. f4 g6 14. g4 Qd8 15. f5 Bg5 16. f6 Bxe3+ 17. Qxe3 Kh8 18. Ne2 Nd7 19. h4 c5 20. c3 Nc6 21. h5 g5 22. Qxg5 Rg8 23. Qf4 Qb6 24. Kh2 cxd4 25. cxd4 a5 26. Rac1 Ncxe5 27. dxe5 Nxe5 28. Qxe5 Rxg4 29. Rc3 Rag8 30. Rg3 a4 31. Rxg4 Rxg4 32. Kh3 Qb4 33. Rf4 Rxf4 34. Qb8+ 1-0

[Event "Gibraltar Challengers op-B"]
[Site "Caleta"]
[Date "2020.01.29"]
[Round "5"]
[White "Royset, Pal"]
[Black "Yanev, Pavel"]
[Result "0-1"]
[WhiteElo "2151"]
[BlackElo "2200"]
[PlyCount "128"]
[EventDate "2020.01.25"]
[EventType "swiss"]
[EventRounds "5"]
[EventCountry "GGB"]
[SourceTitle "CBM 194 Extra"]
[Source "ChessBase"]
[SourceDate "2020.03.31"]
[SourceVersion "1"]
[SourceVersionDate "2020.03.31"]
[SourceQuality "1"]

1. d4 Nf6 2. Bf4 c5 3. e3 d5 4. c3 Nc6 5. Nd2 Bg4 6. Ngf3 e6 7. h3 Bxf3 8. Nxf3 Bd6 9. Bxd6 Qxd6 10. Bb5 0-0 11. 0-0 a6 12. Bxc6 Qxc6 13. Ne5 Qc7 14. Qc2 b5 15. Nd3 Nd7 16. a4 c4 17. Nf4 b4 18. cxb4 Rab8 19. Nd3 Qd6 20. Nc5 Rxb4 21. Nxd7 Qxd7 22. Rfe1 Rfb8 23. Ra2 Qb7 24. Re2 g6 25. h4 Qe7 26. g3 Qf6 27. Kg2 Rb3 28. Rd2 h5 29. Rd1 Kf8 30. Rd2 Ke7 31. Rd1 R8b4 32. Rd2 Kd7 33. Rd1 Qf5 34. Qxf5 gxf5 35. Rd2 Kc6 36. Kf3 Kb6 37. Kf4 f6 38. a5+ Kb5 39. f3 Ra4 40. Rxa4 Kxa4 41. Re2 Kxa5 42. g4 fxg4 43. fxg4 hxg4 44. Kxg4 Rb8 45. h5 Rh8 46. Rh2 Rh6 47. Kf4 Kb4 48. e4 c3 49. bxc3+ Kxc3 50. exd5 exd5 51. Ke3 a5 52. Rh1 Kb2 53. Rf1 Rxh5 54. Rxf6 Rh3+ 55. Kf4 a4 56. Ke5 Rh5+ 57. Kd6 a3 58. Rf2+ Kb3 59. Kc5 a2 60. Rf3+ Ka4 61. Rf8 Rh1 62. Kxd5 a1Q 63. Ra8+ Kb5 64. Rxa1 Rxa1 0-1

[Event "Gibraltar Challengers op-A"]
[Site "Caleta"]
[Date "2020.01.20"]
[Round "1"]
[White "Yanev, Pavel"]
[Black "Burke, Mitchell R"]
[Result "1-0"]
[WhiteElo "2200"]
[BlackElo "2001"]
[PlyCount "143"]
[EventDate "2020.01.20"]
[EventType "swiss"]
[EventRounds "5"]
[EventCountry "GGB"]
[SourceTitle "CBM 194 Extra"]
[Source "ChessBase"]
[SourceDate "2020.03.31"]
[SourceVersion "1"]
[SourceVersionDate "2020.03.31"]
[SourceQuality "1"]

1. e4 c5 2. Nf3 d6 3. d4 cxd4 4. Nxd4 Nf6 5. Nc3 a6 6. h3 e5 7. Nde2 h5 8. Bg5 Be7 9. Bxf6 Bxf6 10. Nd5 Bg5 11. Nec3 Nc6 12. h4 Bh6 13. g3 Nd4 14. Bh3 Bxh3 15. Rxh3 b5 16. Kf1 g6 17. Kg2 Rb8 18. a3 Bg7 19. Rh1 Qc8 20. Ne2 Qb7 21. c3 Ne6 22. Qd3 0-0 23. Rad1 f5 24. f3 Nc5 25. Qe3 Kh7 26. exf5 Rxf5 27. g4 Bh6 28. g5 Bg7 29. Ng3 Rf7 30. Ne4 Nxe4 31. fxe4 Rbf8 32. Rdf1 Qd7 33. Rxf7 Qxf7 34. Qe2 Qd7 35. Kg3 Qf7 36. Rh2 Qd7 37. Kg2 Qf7 38. Kg1 Qd7 39. Rf2 Rxf2 40. Qxf2 Qg4+ 41. Qg2 Qxh4 42. Kf1 Kh8 43. Ke2 Kh7 44. b4 Kh8 45. Kd2 Bf8 46. c4 bxc4 47. Kc3 Qe1+ 48. Kxc4 Qc1+ 49. Kb3 Qd1+ 50. Kb2 Qd4+ 51. Nc3 Be7 52. Kb3 Kg7 53. a4 Bf8 54. b5 axb5 55. axb5 d5 56. exd5 Bb4 57. Qf3 Bxc3 58. Qxc3 Qxd5+ 59. Kb4 Qd6+ 60. Ka5 Qd8+ 61. b6 Qd5+ 62. Ka6 Qa8+ 63. Kb5 Qd5+ 64. Qc5 Qd7+ 65. Ka6 Qa4+ 66. Kb7 Qe4+ 67. Kc7 Qf4 68. Qe7+ Kg8 69. Qe6+ Kh7 70. b7 e4+ 71. Qd6 Qc1+ 72. Kd7 1-0